|
|
|
|
| LEADER |
00000nab a2200000 a 4500 |
| 001 |
vtls000845689 |
| 003 |
SK-MaSNL |
| 005 |
20260319075322.0 |
| 008 |
160401c2003 xo 0 ukr |
| 015 |
|
|
|a SNBRB2003/09-25066
|
| 035 |
|
|
|a CLN000197344
|
| 040 |
|
|
|a SNKBUCL
|b slo
|c SNKBUCL
|e AACR2
|
| 041 |
0 |
|
|a ukr
|
| 044 |
|
|
|a xo
|c SK
|
| 080 |
|
|
|a 316.022.4(=161)(=161.2)(437.6)
|2 1997
|
| 100 |
1 |
|
|a Kovač, Fedor,
|d 1931-2009
|4 aut
|9 159710
|
| 245 |
1 |
0 |
|a Vymoha času: Vidrodžennja nacional'hoji školy i ridnoji movy
|c Fedir Kovač
|
| 500 |
|
|
|a Dokončenie v čísle 15-16/2003
|
| 650 |
0 |
7 |
|a Rusíni
|z Slovensko
|y stor. 16.-21.
|2 snkbucl
|9 868099
|
| 650 |
0 |
7 |
|a Ukrajinci
|z Slovensko
|y stor. 16.-21.
|2 snkbucl
|9 868100
|
| 655 |
|
7 |
|a články z novín a časopisov
|2 snkbucl
|9 267496
|
| 773 |
0 |
|
|t Nove žyttja
|g Roč. 53, č. 13-14 (2003), s. 2-3
|
| 850 |
|
|
|a Slovenská národná knižnica v Martine
|
| 852 |
|
|
|a SNK
|b KIS3GCP
|
| 958 |
|
|
|a UK
|
| 958 |
|
|
|a SK
|
| 958 |
|
|
|a RN
|
| 958 |
|
|
|a RBX
|
| 999 |
|
|
|c 1387606
|d 1389536
|